Rural disorder and police reform in Ireland, 1812-36 (Record no. 410061)

000 -LEADER
fixed length control field 00472cam a22001457a 4500
008 - FIXED-LENGTH DATA ELEMENTS--GENERAL INFORMATION
fixed length control field 180718b1970 xxu||||| |||| 00| 0 eng d
082 ## - DEWEY DECIMAL CLASSIFICATION NUMBER
Classification number N2x42 B785
100 ## - MAIN ENTRY--PERSONAL NAME
Personal name Broeker, galen
245 ## - TITLE STATEMENT
Title Rural disorder and police reform in Ireland, 1812-36
Statement of responsibility, etc. by Galen, Broeker
260 ## - PUBLICATION, DISTRIBUTION, ETC.
Place of publication, distribution, etc. London
Name of publisher, distributor, etc. Routiedge & Kegan paul
Date of publication, distribution, etc. 1970
300 ## - PHYSICAL DESCRIPTION
Extent ix,254p
650 ## - SUBJECT ADDED ENTRY--TOPICAL TERM
Topical term or geographic name entry element Ireland --History --1800-1837.
650 ## - SUBJECT ADDED ENTRY--TOPICAL TERM
Topical term or geographic name entry element Police --Ireland --History
650 ## - SUBJECT ADDED ENTRY--TOPICAL TERM
Topical term or geographic name entry element Ireland. Royal Irish Constabulary
Holdings
Withdrawn status Lost status Damaged status Not for loan Permanent Location Current Location Date acquired Full call number Barcode Date last seen Price effective from Koha item type
        Indian Institute of Public Administration Indian Institute of Public Administration 2009-01-14 N2x42 B785 DA3011 2018-07-21 2018-07-21 DA

Powered by Koha